MCU Phase 4 Character Runtimes Quiz - Statistics

General Stats
  • This quiz has been taken 50 times
  • The average score is 33 of 70
Answer Stats
Hint Answer % Correct
65:30 Natasha Romanoff
97%
83:45 Peter Parker
90%
63:00 Shang-Chi/Shaun
90%
12:30 Stephen Strange
90%
62:15 Stephen Strange
90%
55:00 Thor
84%
9:30 Antonia Dreykov
81%
57:30 Shuri
81%
29:15 Jane Foster
74%
18:30 Ned Leeds
74%
9;15 Norman Osborn
74%
29:00 Wanda Maximoff
74%
24:15 Alexei Shostakov
71%
14:15 Valkyrie
71%
41:00 Yelena Belova
71%
6:30 Ying Li
71%
26:00 America Chavez
68%
7:15 Max Dillon
68%
46:15 Sersi
68%
19:15 Gorr
65%
8:30 Korg
65%
9:15 Otto Octavius
65%
12:00 Wong
65%
3:30 Flint Marko
61%
34:30 Ikaris
61%
16:00 Okoye
61%
17:30 Sprite
61%
11:15 Druig
58%
10:15 Viktor Dreykov
58%
9:15 Gilgamesh
55%
19:15 Thena
55%
10:00 Makkari
52%
9:30 May Parker
52%
22:30 Namor
52%
27:15 MJ Watson
48%
27:00 Xu Wenwu
48%
10:30 Ajak
45%
13:45 Christine Palmer
45%
3:45 Happy Hogan
45%
15:15 Kingo
45%
15:15 Phastos
45%
5:30 Zeus
45%
2:15 Charles Xavier
39%
5:45 Everett Ross
39%
4:30 Karl Mordo
39%
19:45 Ramonda
39%
4:15 Love
35%
8:15 M'Baku
35%
22:00 Xu Xialing
35%
14:00 Nakia
32%
3:15 Ayo
29%
2:15 Billy Maximoff
29%
31:15 Katy Chen
29%
2:15 Tommy Maximoff
29%
15:00 Riri Williams
19%
3:15 Peter Quill
16%
6:00 Razor Fist
16%
3:45 Rick Mason
13%
6:15 Trevor Slattery
10%
7:45 Ying Nan
10%
3:30 Aneka
6%
2:45 Gargantos
3%
1:30 Ingrid
3%
5:15 Morris
3%
1:15 Oksana
3%
4:15 The Great Protector
3%
3:15 Axl Heimdallson
0%
1:45 King Yakan
0%
1:30 Lerato
0%
20:45 Melina Vostkoff
0%
No matching quizzes found
Score Distribution
Percent of People with Each Score
Percentile by Number Answered
Your Score History
You have not taken this quiz